000 00789nam a2200205 a 4500
005 20221126063637.0
008 051026s2002 mx r 000 0 spa d
020 _a958682375X
035 _aUPN01000140835
049 _aCG
050 4 _aHC59.72 P5.5
_bA7.5
245 0 0 _aArmonización de la actividad industrial con el medio ambiente :
_bnuevas funciones de la comunidad, el mercado y el gobierno /
260 _aBogotá, Col. :
_bAlfaomega :
_bBanco Mundial,
_c2002.
300 _a151 p. :
_bil.
534 _pTraducción de:
_tGreening industry : New roles for communities, markets, and governments
650 4 _aCONTAMINACION -
_xPAISES EN DESARROLLO
_99657
650 4 _aPOLITICA AMBIENTAL -
_xPAISES EN DESARROLLO
_99656
650 4 _aDesarrollo sustentable
_94974
905 _aLibro
999 _c112983
_d112983